Find the Winnie the Pooh Characters Quiz Stats

 Plays Quiz Updated Mar 17, 2020

Support Sporcle.
Go Orange.
Score 0/10 Timer 01:00
5 Plays Today
% Correct
Christopher Robin
97.5%
Winnie the Pooh
97%
Tigger
97%
Owl
96.9%
Eeyore
96.5%
Piglet
96.4%
Rabbit
96.3%
Kanga
94.8%
Gopher
94.8%
Roo
87.8%

From the Vault

What The Heck Am I Making?

by MrChewypoo

If you're making something, it's preferable to know the ingredients.
Remove Ads.
Support Sporcle.
Get the best of Sporcle when you Go Orange. This ad-free experience offers more features, more stats, and more fun while also helping to support Sporcle. Thank you for becoming a member.

Show Comments

Extras

Top Quizzes Today


Score Distribution

Your Account Isn't Verified!

In order to create a playlist on Sporcle, you need to verify the email address you used during registration. Go to your Sporcle Settings to finish the process.

Report this User

Report this user for behavior that violates our Community Guidelines.

Details: